[Event "North Sea Cup 23th"]
[Site "Esbjerg"]
[Date "2008.07.16"]
[Round "8"]
[White "Skaanning Pedersen, Kim Henrik"]
[Black "Jensby, Morten"]
[Result "1-0"]
[WhiteElo "2173"]
[BlackElo "2021"]
[PlyCount "93"]
[EventDate "2008.07.11"]
[EventType "swiss"]
[EventRounds "10"]
[EventCountry "DEN"]
[SourceTitle "CBM 125 Extra"]
[Source "ChessBase"]
[SourceDate "2008.09.01"]
[SourceVersion "1"]
[SourceVersionDate "2008.09.01"]
[SourceQuality "1"]

1. e4 c5 2. Nf3 Nc6 3. d4 cxd4 4. Nxd4 Nf6 5. Nc3 e5 6. Ndb5 d6 7. Bg5 a6 8. Na3 b5 9. Bxf6 gxf6 10. Nd5 f5 11. g3 Bg7 12. Bg2 0-0 13. exf5 Bxf5 14. Ne3 Ne7 15. Nxf5 Nxf5 16. c3 Rb8 17. Nc2 a5 18. Qd3 Ne7 19. Rd1 Rb6 20. 0-0 f5 21. f4 e4 22. Qd2 Qc8 23. a3 d5 24. Bh3 Rd6 25. Rfe1 b4 26. axb4 axb4 27. Nxb4 Qc5+ 28. Qf2 d4 29. Nc2 e3 30. Qe2 dxc3 31. bxc3 Nd5 32. Rc1 Re8 33. Bf1 Rc6 34. Kg2 Bxc3 35. Red1 Re4 36. Ne1 Nxf4+ 37. gxf4 Rxf4 38. Nf3 Qe7 39. Rd3 Rg6+ 40. Kh1 Bd2 41. Rc8+ Kg7 42. Rcd8 Qe4 43. Bg2 Qc6 44. Nxd2 Qc1+ 45. Nf1 Rfg4 46. R3d7+ Kh6 47. Qxe3+ 1-0

[Event "North Sea Cup 23th"]
[Site "Esbjerg"]
[Date "2008.07.14"]
[Round "6"]
[White "Dyrgaard, Kristoffer"]
[Black "Jensby, Morten"]
[Result "1-0"]
[WhiteElo "2173"]
[BlackElo "2021"]
[PlyCount "81"]
[EventDate "2008.07.11"]
[EventType "swiss"]
[EventRounds "10"]
[EventCountry "DEN"]
[SourceTitle "CBM 125 Extra"]
[Source "ChessBase"]
[SourceDate "2008.09.01"]
[SourceVersion "1"]
[SourceVersionDate "2008.09.01"]
[SourceQuality "1"]

1. e4 c5 2. Nc3 Nc6 3. Nf3 Nf6 4. d4 cxd4 5. Nxd4 e5 6. Ndb5 d6 7. Bg5 a6 8. Na3 b5 9. Bxf6 gxf6 10. Nd5 f5 11. c3 Bg7 12. exf5 Bxf5 13. Nc2 0-0 14. Nce3 Be6 15. Bd3 f5 16. 0-0 e4 17. Nf4 Bc8 18. Bxb5 Ne5 19. Qd5+ Kh8 20. Qxa8 Qh4 21. Be2 Qxf4 22. Qa7 Rg8 23. Qe7 Qh6 24. f4 exf3 25. Rxf3 Nxf3+ 26. Bxf3 Bf6 27. Qa7 Rg7 28. Qb6 Qf4 29. Rf1 Be5 30. Qd8+ Rg8 31. Qxg8+ Kxg8 32. Bd5+ Kg7 33. Rxf4 Bxf4 34. Nc4 Kf6 35. g3 Be5 36. Kf2 f4 37. a4 h6 38. a5 Kf5 39. Kf3 fxg3 40. hxg3 Kf6 41. Nb6 1-0

[Event "North Sea Cup 23th"]
[Site "Esbjerg"]
[Date "2008.07.13"]
[Round "4"]
[White "Hoiberg, Nina"]
[Black "Jensby, Morten"]
[Result "1-0"]
[WhiteElo "2211"]
[BlackElo "2021"]
[PlyCount "65"]
[EventDate "2008.07.11"]
[EventType "swiss"]
[EventRounds "10"]
[EventCountry "DEN"]
[SourceTitle "CBM 125 Extra"]
[Source "ChessBase"]
[SourceDate "2008.09.01"]
[SourceVersion "1"]
[SourceVersionDate "2008.09.01"]
[SourceQuality "1"]

1. e4 c5 2. Nf3 Nc6 3. Nc3 g6 4. d4 cxd4 5. Nxd4 Bg7 6. Nb3 Nf6 7. Be2 a6 8. 0-0 b5 9. a3 0-0 10. Re1 d6 11. Bf1 Be6 12. Bg5 Rc8 13. Nd5 Bxd5 14. exd5 Ne5 15. c3 Qb6 16. a4 Nc4 17. axb5 axb5 18. Rxe7 Nxb2 19. Qf3 Ne8 20. Nd4 Rxc3 21. Qxc3 Bxd4 22. Qf3 Nc4 23. Rd1 Bg7 24. Bxc4 bxc4 25. Qe4 Qd8 26. Re1 Nf6 27. Qf3 Nd7 28. Qg4 f5 29. Qe2 Nf6 30. Qe6+ Kh8 31. Bxf6 Bxf6 32. Rd7 Qa5 33. Qxf6+ 1-0

[Event "North Sea Cup 23th"]
[Site "Esbjerg"]
[Date "2008.07.13"]
[Round "5"]
[White "Jensby, Morten"]
[Black "Jacobsen, Mads Holger"]
[Result "1-0"]
[WhiteElo "2021"]
[BlackElo "1831"]
[PlyCount "83"]
[EventDate "2008.07.11"]
[EventType "swiss"]
[EventRounds "10"]
[EventCountry "DEN"]
[SourceTitle "CBM 125 Extra"]
[Source "ChessBase"]
[SourceDate "2008.09.01"]
[SourceVersion "1"]
[SourceVersionDate "2008.09.01"]
[SourceQuality "1"]

1. c4 Nf6 2. g3 g6 3. Bg2 Bg7 4. Nc3 0-0 5. d3 d6 6. e4 e5 7. Nge2 Nc6 8. 0-0 Ne8 9. f4 f5 10. Be3 Ne7 11. d4 fxe4 12. dxe5 Be6 13. Nxe4 dxe5 14. Qb3 Bg4 15. Rfe1 Kh8 16. Rad1 Qc8 17. Ng5 c6 18. Bc5 Nf5 19. Bxf8 Bxf8 20. Nf7+ Kg7 21. Nxe5 Bc5+ 22. Kh1 Bxe2 23. Rxe2 Nd4 24. Qc3 Ne6 25. Qd3 Nd4 26. Re4 Nf5 27. Nd7 Bd6 28. Qc3+ Kf7 29. Ne5+ Kg8 30. c5 Bc7 31. Qc4+ Kh8 32. Qf7 Neg7 33. Rd7 Bxe5 34. Rxe5 Qf8 35. Qxf8+ Rxf8 36. Rxb7 Rd8 37. Bxc6 Rd1+ 38. Kg2 Rd2+ 39. Kf3 Rd3+ 40. Ke2 Rd8 41. Be4 Nd4+ 42. Kf2 1-0

[Event "North Sea Cup 23th"]
[Site "Esbjerg"]
[Date "2008.07.13"]
[Round "3"]
[White "Jensby, Morten"]
[Black "Rendboe, John Filip"]
[Result "1/2-1/2"]
[WhiteElo "2021"]
[BlackElo "2234"]
[PlyCount "50"]
[EventDate "2008.07.11"]
[EventType "swiss"]
[EventRounds "10"]
[EventCountry "DEN"]
[SourceTitle "CBM 125 Extra"]
[Source "ChessBase"]
[SourceDate "2008.09.01"]
[SourceVersion "1"]
[SourceVersionDate "2008.09.01"]
[SourceQuality "1"]

1. c4 c5 2. g3 Nc6 3. Bg2 g6 4. Nc3 Bg7 5. Rb1 e5 6. e4 d6 7. Nge2 Nge7 8. 0-0 0-0 9. d3 Be6 10. Nd5 a6 11. f4 h6 12. Be3 Rb8 13. Qd2 Bg4 14. Nec3 exf4 15. Rxf4 Nxd5 16. Nxd5 Be6 17. Rbf1 Bxd5 18. cxd5 Ne5 19. b3 b5 20. Bh3 a5 21. R4f2 Kh7 22. d4 cxd4 23. Bxd4 Rb7 24. Qe3 a4 25. Rc2 axb3 1/2-1/2